Electrical Drawing (Record no. 194232)
[ view plain ]
| 000 -LEADER | |
|---|---|
| fixed length control field | 00675 a2200157 4500 |
| 003 - CONTROL NUMBER IDENTIFIER | |
| control field | Nust |
| 005 - DATE AND TIME OF LATEST TRANSACTION | |
| control field | 20170207154119.0 |
| 040 ## - CATALOGING SOURCE | |
| Transcribing agency | Nust |
| 082 ## - DEWEY DECIMAL CLASSIFICATION NUMBER | |
| Classification number | 604.2 |
| 100 ## - MAIN ENTRY--PERSONAL NAME | |
| Personal name | T.H.Hewitt, A.M.I.E.E |
| 245 ## - TITLE STATEMENT | |
| Title | Electrical Drawing |
| Remainder of title | for National certificate students |
| Statement of responsibility, etc. | T.H.Hewitt, A.M.I.E.E |
| 260 ## - PUBLICATION, DISTRIBUTION, ETC. | |
| Place of publication, distribution, etc. | london |
| Name of publisher, distributor, etc. | Cleaver- hume press ltd |
| Date of publication, distribution, etc. | 1963 |
| 300 ## - PHYSICAL DESCRIPTION | |
| Extent | 168.p, |
| 505 ## - FORMATTED CONTENTS NOTE | |
| Formatted contents note | Fundamentals (Page-1),Standards (Page-22),Geometrical drawing (Page-46),Dismensios (Page-63),Section views (Page71),Further Expercises in Projection (Page-78)Detials to be Assembled ,(Page-94),Workshop Drawing (Page-112),Design (Page-128),Printed circuits (Page-147), |
| 538 ## - SYSTEM DETAILS NOTE | |
| System details note | Almirah No.28 Shelf No.1 |
| 942 ## - ADDED ENTRY ELEMENTS (KOHA) | |
| Source of classification or shelving scheme | |
| Koha item type | Book |
| Withdrawn status | Lost status | Source of classification or shelving scheme | Damaged status | Not for loan | Permanent Location | Current Location | Shelving location | Date acquired | Full call number | Barcode | Date last seen | Price effective from | Koha item type | Public note |
|---|---|---|---|---|---|---|---|---|---|---|---|---|---|---|
| Military College of Signals (MCS) | Military College of Signals (MCS) | General Stacks | 12/12/2016 | 604.2 HEW | MCS5932 | 12/08/2016 | 12/12/2016 | Book | Almirah No.88, Shelf No.1 |
